| 000 -LEADER |
| fixed length control field |
00746cam a2200253 a 4500 |
| 020 ## - INTERNATIONAL STANDARD BOOK NUMBER |
| ISBN |
3527283609 |
| 020 ## - INTERNATIONAL STANDARD BOOK NUMBER |
| ISBN |
1560811749 |
| 040 ## - CATALOGING SOURCE |
| Transcribing agency |
DLC |
| 041 1# - LANGUAGE CODE |
| Language code of original and/or intermediate translations of text |
ger |
| 082 00 - DEWEY DECIMAL CLASSIFICATION NUMBER |
| Classification number |
574 VCH 1991 C154 Or. |
| 245 10 - TITLE STATEMENT |
| Title |
1,1,2,2-Tetrachloroethane / |
| 260 ## - PUBLICATION, DISTRIBUTION, ETC. (IMPRINT) |
| Place of publication |
Weinheim : |
| Name of publisher |
VCH Verlagsgesellschaft ; |
| Place of publication |
New York, NY (USA) : |
| Name of publisher |
VCH Publishers, |
| Year of publication |
c1991. |
| 300 ## - PHYSICAL DESCRIPTION |
| Number of Pages |
xii, 79 p. : |
| Other physical details |
ill. ; |
| Dimensions |
21 cm. |
| 490 1# - SERIES STATEMENT |
| Series statement |
BUA report (January, 1989), |
| 500 ## - GENERAL NOTE |
| General note |
Translation of: 1,1,2,2-Tetrachlorethan. |
| 650 #0 - SUBJECT ADDED ENTRY--TOPICAL TERM |
| Topical Term |
Tetrachloroethane |
| 650 #0 - SUBJECT ADDED ENTRY--TOPICAL TERM |
| Topical Term |
Tetrachloroethane |
| 650 #2 - SUBJECT ADDED ENTRY--TOPICAL TERM |
| Topical Term |
Environmental Pollutants |
| 650 #2 - SUBJECT ADDED ENTRY--TOPICAL TERM |
| Topical Term |
Ethane |
| 650 #2 - SUBJECT ADDED ENTRY--TOPICAL TERM |
| Topical Term |
Ethane |
| 650 #2 - SUBJECT ADDED ENTRY--TOPICAL TERM |
| Topical Term |
Hydrocarbons, Chlorinated |
| 710 2# - ADDED ENTRY--CORPORATE NAME |
| Corporate name or jurisdiction name as entry element |
Gesellschaft Deutscher Chemiker. |
| 942 ## - ADDED ENTRY ELEMENTS (KOHA) |
| Koha item type |
ADB |
| 952 ## - LOCATION AND ITEM INFORMATION (KOHA) |
| Withdrawn status [LOCAL, KOHA] |
0 |